00298nam a2200121Ia 4500008004100000100002000041245003200061260003700093300001000130650001200140942000700152999001700159190216s9999||||xx |||||||||||||| ||und|| aBernard L Cohen 0aConcepts Of Nuclear Physics bTata Mcgrawhill Publishersc1971 a435 p aPhysics cBK c33002d33002